Normal view
MARC view
Entry Personal Name
001 - CONTROL NUMBER
- control field: 51529
003 - CONTROL NUMBER IDENTIFIER
- control field: ARRUPE
005 - DATE AND TIME OF LATEST TRANSACTION
- control field: 20220511084420.0
008 - FIXED-LENGTH DATA ELEMENTS
- fixed length control field: 220511|| aca||aabn | a|a d
040 ## - CATALOGING SOURCE
- Original cataloging agency: ARRUPE
- Transcribing agency: ARRUPE
100 ## - HEADING--PERSONAL NAME
- Personal name: Hannibal,
- Dates associated with a name: 247 B.C.-182 B.C
670 ## - SOURCE DATA FOUND
- Source citation: Work cat.: (ARRUPE)131401: Vanoyeke, Violaine. 51527, Hannibal /, c1995.